Buscando una suripanta (Record no. 160557)

MARC details
000 -LEADER
campo de control de longitud fija 00927nam a22001815i 4500
001 - NÚMERO DE CONTROL
campo de control 160557
003 - IDENTIFICADOR DE NÚMERO DE CONTROL
campo de control ES-MaACL
005 - FECHA Y HORA DE LA ÚLTIMA TRANSACCIÓN
campo de control 20250719063319.0
008 - DATOS DE LONGITUD FIJA--INFORMACIÓN GENERAL
campo de control de longitud fija 041007s1871 sp |||| | spa d
040 ## - FUENTE DE CATALOGACIÓN
Centro catalogador/agencia de origen CAM
Lengua de catalogación spa
Centro/agencia transcriptor CAM
100 1# - ENTRADA PRINCIPAL--NOMBRE DE PERSONA
Nombre de persona Navarro Gonzalvo, Eduardo,
Fechas asociadas al nombre 1846-1902
9 (RLIN) 85134
245 10 - MENCIÓN DEL TÍTULO
Título Buscando una suripanta
Resto del título : juguete cómico en un acto y en verso /
Mención de responsabilidad, etc. original de Eduardo Navarro Gonzalvo.
260 ## - PUBLICACIÓN, DISTRIBUCIÓN, ETC.
Lugar de publicación, distribución, etc. Madrid :
Nombre del editor, distribuidor, etc. Librería de los señores viuda é hijos de J. Cuesta,
Fecha de publicación, distribución, etc. 1871 (
Fabricante Imprenta económica)
300 ## - DESCRIPCIÓN FÍSICA
Extensión 31 p. ;
Dimensiones 19 cm.
500 ## - NOTA GENERAL
Nota general En port.: Estrenado en Madrid en el Teatro Martin en la noche del 4 de febrero de 1871.
852 ## - LOCALIZACIÓN
Ubicación ES-MaACL
Número de control de estantería F-8578(13)
Nota libre -- Enc. pasta española
-- -- Ex-libris ms. de Gustavo Saenz Diez, 1877
condición física -- Falto de la cub. original
Nota libre -- Enc. en un vol. facticio formando parte de la col. faciticia "Teatro español moderno", vol. 31
Holdings
Estatus retirado Estado de pérdida Estado de daño No para préstamo Colección Biblioteca de origen Biblioteca actual Ubicación en estantería Fecha de adquisición Total de préstamos Signatura topográfica completa Código de barras Visto por última vez Precio de reemplazo Tipo de ítem Koha
        Libros del s. XIX Biblioteca del Ateneo de Madrid Biblioteca del Ateneo de Madrid Sala Pecera Planta 2 17/01/2008   F-8578(13) 1168116 23/02/2023 23/02/2023 Libro impreso antiguo